Torschützenliste der Serie A 2021-2022 - Statistiken

Allgemein
  • Dieses Quiz wurde 38 mal gespielt
  • Das Durchschnittsergebnis liegt bei 9 aus 14
Antwortstatistiken
Tore Nationalität Verein Spieler % Korrekt
27 Italien Lazio Rom Ciro Immobile
100%
24 Serbien Juventus Turin⁠ Dušan Vlahović
97%
21 Argentinien Inter Mailand Lautaro Martínez
97%
14 Nigeria SSC Neapel Victor Osimhen
92%
13 Bosnien und Herzegowina Inter Mailand Edin Džeko
89%
17 England AS Rom Tammy Abraham
89%
14 Österreich FC Bologna Marko Arnautović
82%
15 Italien US Sassuolo Calcio Domenico Berardi
55%
13 Kroatien Atalanta Bergamo Mario Pašalić
42%
13 Spanien Udinese Calcio Gerard Deulofeu
39%
13 Brasilien Cagliari Calcio João Pedro
39%
16 Italien US Sassuolo Calcio Gianluca Scamacca
29%
17 Argentinien Hellas Verona Giovanni Simeone
29%
13 Italien FC Empoli Andrea Pinamonti
5%
Keine übereinstimmenden Quizze gefunden
Verteilung der Resultate
Anzahl Personen mit jedem Resultat
Perzentil nach korrekt beantworteten Fragen
Ihre Resultats-Entwicklung
Sie haben dieses Quiz noch nicht gespielt